000 00633nam a2200265Ia 4500
005 20260306164054.0
008 008 260114s9999 xx 000 0 eng d
020 _a9781474449748
037 _aEBOOK
040 _aCRL
040 _beng
040 _cCRL
041 _2eng
041 _aeng
084 _qCRL
100 _aTissandier
_9880940
245 0 _aAffirming Divergence: Deleuze's Reading Of Leibniz
260 _bEdinburgh University Press
260 _c2020
650 _aPhilosophy
856 _uhttps://academic.oup.com/book/30786
942 _cEBOOK
999 _c1712634
_d1712634